Score 0/22 Timer 04:00
1 Play Today
% Correct
The Simpsons
95.8%
The Big Bang Theory
94.6%
Friends
93.1%
How I Met Your Mother
83.5%
Parks & Recreation
83.1%
The Office (U.S.)
80.1%
The Fresh Prince of Bel-Air
78.1%
3rd Rock from the Sun
69.9%
Scrubs
69.7%
The Odd Couple
66.9%
30 Rock
65.5%
% Correct
Married... with Children
65.3%
The Golden Girls
64.4%
The Mary Tyler Moore Show
63.5%
Cheers
63.2%
Curb Your Enthusiasm
58.1%
Arrested Development
56.6%
The Cosby Show
56%
Modern Family
55.7%
Family Ties
52.8%
Three's Company
46.7%
Family Guy
41.1%
Remove Ads.
Support Sporcle.
Get the best of Sporcle when you Go Orange. This ad-free experience offers more features, more stats, and more fun while also helping to support Sporcle. Thank you for becoming a member.

You're not logged in!

Compare scores with friends on all Sporcle quizzes.
OR
Log In

Show Comments

Extras

Top Quizzes Today


Score Distribution

Your Account Isn't Verified!

In order to create a playlist on Sporcle, you need to verify the email address you used during registration. Go to your Sporcle Settings to finish the process.

Report this User

Report this user for behavior that violates our Community Guidelines.

Details: